[Event "11th Essent op"]
[Site "Hoogeveen NED"]
[Date "2007.10.19"]
[Round "8.12"]
[White "Pg, Mohd Omar Ak Hirawa"]
[Black "Rasmussen, Allan Stig"]
[Result "0-1"]
[WhiteElo "2316"]
[BlackElo "2485"]
[EventDate "2007.10.12"]
[PlyCount "54"]

1.e4 c5 2.Nc3 Nc6 3.f4 g6 4.Nf3 Bg7 5.Bc4 e6 6.f5 Nge7 7.fxe6 fxe6 8.O-O 
O-O 9.d3 a6 10.a4 d5 11.Bb3 Qd6 12.Bg5 c4 13.dxc4 Qc5+ 14.Kh1 dxc4 15.Ba2 
Rxf3 16.Qxf3 Qxg5 17.Rad1 h5 18.Bxc4 Ne5 19.Qf2 Nxc4 20.h4 Qg4 21.Rd8+ Kh7
22.Re8 Ng8 23.Rf8 Bxf8 24.Qxf8 Qxh4+ 25.Kg1 Ne5 26.Rf7+ Nxf7 27.Qxf7+ Kh8 
0-1

[Event "11th Essent op"]
[Site "Hoogeveen NED"]
[Date "2007.10.19"]
[Round "8.13"]
[White "Simutowe, Amon"]
[Black "Vedder, Richard"]
[Result "1-0"]
[WhiteElo "2421"]
[BlackElo "2297"]
[EventDate "2007.10.12"]
[PlyCount "127"]

1.c4 Nf6 2.Nc3 g6 3.e4 d6 4.d4 Bg7 5.Be2 O-O 6.Bg5 h6 7.Be3 Na6 8.g4 c5 9.
d5 Nc7 10.h4 Nfe8 11.Qd2 Kh7 12.h5 g5 13.f4 gxf4 14.Bxf4 e5 15.Be3 Bd7 16.
Nf3 Bxg4 17.Ng5+ hxg5 18.h6 Bf6 19.Bxg4 a6 20.O-O-O b5 21.Rdf1 bxc4 22.
Rxf6 Nxf6 23.Bxg5 Rg8 24.Rf1 Nce8 25.Bh5 Ra7 26.Bh4 Rg6 27.Bxg6+ fxg6 28.
Qg5 Qe7 29.Nd1 Qf8 30.Qg2 Rf7 31.Rg1 Qg8 32.Ne3 Nh5 33.Nxc4 Nf4 34.Qg4 Nf6
35.Qf3 Qf8 36.Bg5 N6h5 37.Qe3 Qb8 38.Kc2 Qc7 39.Rf1 Qd7 40.a3 a5 41.Kb1 a4
42.Qc3 Qb5 43.Rf2 Qd7 44.Ka2 Qc7 45.Qc2 Rd7 46.Rf3 Qa7 47.Rc3 Qa6 48.b3 
axb3+ 49.Rxb3 Qa7 50.Rb6 Qc7 51.Qb3 Ne2 52.Rc6 Qa7 53.Rxd6 Rf7 54.Nxe5 Rf2
55.Kb1 Nd4 56.Qb6 Rf1+ 57.Bc1 Rxc1+ 58.Kxc1 Qxa3+ 59.Kb1 Nf4 60.Rxg6 Qb4+ 
61.Qxb4 cxb4 62.Rg4 Nfe2 63.Nf7 Nc3+ 64.Ka1 1-0

[Event "11th Essent op"]
[Site "Hoogeveen NED"]
[Date "2007.10.19"]
[Round "8.14"]
[White "Bok, Benjamin"]
[Black "Tondivar, Babak"]
[Result "1/2-1/2"]
[WhiteElo "2115"]
[BlackElo "2353"]
[EventDate "2007.10.12"]
[PlyCount "71"]

1.e4 e6 2.d4 d5 3.Nd2 c5 4.exd5 exd5 5.Ngf3 Nc6 6.Bb5 Bd6 7.dxc5 Bxc5 8.
O-O Ne7 9.Nb3 Bd6 10.Re1 O-O 11.Bg5 Bg4 12.c3 Qc7 13.h3 Bh5 14.Be2 a6 15.
Nfd4 Bg6 16.Bd3 Ne5 17.Bxg6 hxg6 18.Nf3 Nc4 19.Qe2 Rfe8 20.Nbd4 Qd7 21.b3 
Nc6 22.Qd3 N4e5 23.Qd2 Rac8 24.Rad1 b5 25.Nxe5 Bxe5 26.Nf3 f6 27.Nxe5 Nxe5
28.Be3 Qc6 29.Bd4 Nf7 30.Qd3 g5 31.Qf5 Nd6 32.Qg6 Rxe1+ 33.Rxe1 Re8 34.
Rxe8+ Qxe8 35.Qxe8+ Nxe8 36.f3 1/2-1/2

[Event "11th Essent op"]
[Site "Hoogeveen NED"]
[Date "2007.10.19"]
[Round "8.15"]
[White "Akotchik, Victor"]
[Black "Grooten, Herman"]
[Result "0-1"]
[WhiteElo "2015"]
[BlackElo "2350"]
[EventDate "2007.10.12"]
[PlyCount "46"]

1.d4 Nf6 2.Nc3 c5 3.dxc5 e6 4.e4 Qa5 5.Bd2 Bxc5 6.e5 Qb6 7.Nh3 Nd5 8.Na4 
Qc7 9.Nxc5 Qxc5 10.Qg4 O-O 11.O-O-O f5 12.Qh5 Nc6 13.f4 b5 14.Bd3 Ncb4 15.
Bxb4 Qxb4 16.Rhf1 Ne3 17.Ng5 h6 18.Rf3 Nxd1 19.Kxd1 Bb7 20.Rg3 Qxf4 21.Nh7
Qxe5 22.Nxf8 Rxf8 23.Rg6 Kh7 0-1

[Event "11th Essent op"]
[Site "Hoogeveen NED"]
[Date "2007.10.19"]
[Round "8.16"]
[White "De Jong, Migchiel"]
[Black "Kodentsov, Grigori"]
[Result "0-1"]
[WhiteElo "2341"]
[BlackElo "2307"]
[EventDate "2007.10.12"]
[PlyCount "108"]

1.e4 e5 2.Nf3 Nc6 3.Bb5 a6 4.Ba4 Nf6 5.O-O Be7 6.Re1 b5 7.Bb3 d6 8.c3 O-O 
9.a4 Bd7 10.a5 h6 11.d4 Re8 12.Nbd2 Bf8 13.d5 Ne7 14.c4 c5 15.Nf1 g6 16.
Bd2 Kh8 17.Bc2 bxc4 18.Bc3 Bg7 19.N3d2 Nfg8 20.Nxc4 Bb5 21.Nfd2 Rf8 22.b4 
cxb4 23.Bxb4 Nc8 24.Bd3 f5 25.f3 Nf6 26.Qe2 Nh5 27.g3 f4 28.g4 Nf6 29.Nb2 
Bd7 30.Bxa6 h5 31.Bb7 Rb8 32.Bxc8 Bxc8 33.Ba3 hxg4 34.Nbc4 gxf3 35.Qxf3 
Ne8 36.Kh1 g5 37.Qh5+ Kg8 38.Rg1 g4 39.Rxg4 Bxg4 40.Qxg4 f3 41.Nxf3 Rf4 
42.Qe6+ Kh8 43.Qh3+ Kg8 44.Bc1 Rxe4 45.Qe6+ Kh8 46.Ng5 Re1+ 47.Kg2 Qf6 48.
Qh3+ Kg8 49.Qh7+ Kf8 50.Ne6+ Kf7 51.Ng5+ Ke7 52.Nf3 Re2+ 53.Kg3 Rb3 54.Qh5
e4 0-1

[Event "11th Essent op"]
[Site "Hoogeveen NED"]
[Date "2007.10.19"]
[Round "8.19"]
[White "Hedke, Fred"]
[Black "Mamedjarova, Turkan"]
[Result "0-1"]
[WhiteElo "2323"]
[BlackElo "2227"]
[EventDate "2007.10.12"]
[PlyCount "110"]

1.e4 e5 2.d4 exd4 3.c3 d3 4.c4 Nc6 5.Bxd3 Bb4+ 6.Nc3 Bxc3+ 7.bxc3 Qf6 8.
Ne2 d6 9.O-O Ne5 10.f4 Nxd3 11.Qxd3 Ne7 12.Nd4 a6 13.Ba3 O-O 14.e5 Qh6 15.
exd6 cxd6 16.f5 Qf6 17.Qg3 Rd8 18.Rae1 Nxf5 19.Rxf5 Bxf5 20.Rf1 Qg6 21.
Nxf5 Qxg3 22.hxg3 b5 23.cxb5 axb5 24.Bb4 Rxa2 25.Nxd6 Rb2 26.Rd1 h6 27.Bc5
Ra8 28.Nf5 Raa2 29.Ne3 Rb3 30.Bd4 f6 31.g4 b4 32.c4 Re2 33.Nd5 Rg3 34.Nf4 
Re4 35.Kf2 Ra3 36.g3 b3 37.c5 Ra4 38.Bb2 Ra2 39.Nd3 Rc4 40.Rd2 Rxg4 41.Nc1
Ra5 42.c6 Rf5+ 43.Kg2 Rc5 44.Kf3 h5 45.Nxb3 Rxc6 46.Rd3 Rb6 47.Bc1 Rc4 48.
Be3 Rb5 49.Nd4 Rd5 50.Ke4 Rd7 51.Rb3 Kf7 52.Rb5 Rc3 53.Bf2 Re7+ 54.Kf4 g6 
55.Rd5 Rd3 0-1

[Event "11th Essent op"]
[Site "Hoogeveen NED"]
[Date "2007.10.19"]
[Round "8.20"]
[White "Pel, Bonno"]
[Black "Miedema, David"]
[Result "1-0"]
[WhiteElo "2280"]
[BlackElo "2303"]
[EventDate "2007.10.12"]
[PlyCount "91"]

1.g3 Nf6 2.Bg2 e6 3.f4 d5 4.Nf3 c5 5.d3 b6 6.O-O Bb7 7.c3 Be7 8.Na3 Nc6 9.
Qe1 O-O 10.e4 dxe4 11.dxe4 a6 12.e5 Nd7 13.f5 Re8 14.fxe6 fxe6 15.Bh3 Nf8 
16.Qf2 Qd3 17.Bf4 Rad8 18.Rae1 b5 19.Ng5 Qg6 20.Ne4 Nd4 21.Bg2 Nf5 22.Nf6+
gxf6 23.Bxb7 fxe5 24.Bxe5 Nd7 25.Bc7 c4 26.Kh1 Nc5 27.Bxd8 Rxd8 28.Be4 Nd3
29.Bxd3 cxd3 30.Nb1 Bg5 31.Nd2 Bxd2 32.Qxd2 Nd6 33.Qf4 Nc4 34.Qc7 Re8 35.
Qd7 Nxb2 36.Rf6 Qxf6 37.Qxe8+ Kg7 38.Qd7+ Qf7 39.Qd4+ Qf6 40.Qg4+ Kh8 41.
Qh5 Kg7 42.Qe8 e5 43.Kg2 Qd6 44.Rxe5 d2 45.Re7+ Kf6 46.Qf8+ 1-0

[Event "11th Essent op"]
[Site "Hoogeveen NED"]
[Date "2007.10.19"]
[Round "8.22"]
[White "Ris, Robert"]
[Black "Hulshof, Peter"]
[Result "1-0"]
[WhiteElo "2381"]
[BlackElo "2163"]
[EventDate "2007.10.12"]
[PlyCount "99"]

1.b3 Nf6 2.Bb2 g6 3.e4 d6 4.f4 Bg7 5.Nf3 O-O 6.d3 c5 7.Nbd2 Nc6 8.g3 d5 9.
Bg2 Ng4 10.Bxg7 Kxg7 11.Qe2 d4 12.h3 Ne3 13.Nc4 Nxg2+ 14.Qxg2 b5 15.Nce5 
Nxe5 16.Nxe5 f6 17.Nf3 Qa5+ 18.Qd2 Qxd2+ 19.Kxd2 Bd7 20.g4 a5 21.Rhc1 b4 
22.a3 Kf7 23.Ra2 Bc6 24.Rca1 Ke6 25.Ke2 Rg8 26.Nd2 f5 27.axb4 axb4 28.Ra6 
Kd7 29.Nf3 Rxa6 30.Rxa6 Kc7 31.exf5 Kb7 32.Ra5 Kb6 33.Ra1 gxf5 34.g5 Bxf3+
35.Kxf3 Kc6 36.h4 Kd5 37.Ra7 Kd6 38.h5 Re8 39.Ra6+ Kd5 40.Rh6 e5 41.fxe5 
Rxe5 42.Rxh7 Re1 43.g6 Rf1+ 44.Kg2 Rf4 45.g7 Rg4+ 46.Kf3 Ke5 47.h6 Rg1 48.
Rh8 Rf1+ 49.Ke2 Rc1 50.g8=Q 1-0

[Event "11th Essent op"]
[Site "Hoogeveen NED"]
[Date "2007.10.19"]
[Round "8.23"]
[White "Van Apeldoorn, Janton"]
[Black "Ruijgrok, Dennis"]
[Result "0-1"]
[WhiteElo "2188"]
[BlackElo "2330"]
[EventDate "2007.10.12"]
[PlyCount "82"]

1.e4 e5 2.Nf3 Nc6 3.d4 exd4 4.Nxd4 Bc5 5.Nxc6 Qf6 6.Qd2 dxc6 7.Nc3 Ne7 8.
Na4 Bd6 9.f4 Ng6 10.g3 Bg4 11.Qe3 O-O 12.Bg2 Qe7 13.h3 Bd7 14.Bd2 f6 15.
O-O-O a5 16.Qf3 b5 17.Nc3 b4 18.Nb1 a4 19.c4 a3 20.b3 f5 21.Qd3 fxe4 22.
Bxe4 Qf6 23.Qc2 Rae8 24.Rde1 Bc5 25.Rh2 Re7 26.Be3 Bxe3+ 27.Rxe3 Rfe8 28.
Rhe2 Bxh3 29.Nd2 Bg4 30.Re1 c5 31.Bd5+ Kf8 32.Ne4 Qa1+ 33.Kd2 Qd4+ 34.Rd3 
Rxe4 35.Rxe4 Rxe4 36.Bxe4 Qf2+ 37.Kc1 Qe1+ 38.Rd1 Bxd1 39.Qxd1 Qe3+ 40.Qd2
Qxe4 41.Qd8+ Qe8 0-1

[Event "11th Essent op"]
[Site "Hoogeveen NED"]
[Date "2007.10.19"]
[Round "8.24"]
[White "Kuipers, Stefan"]
[Black "Pijpers, Arthur"]
[Result "1-0"]
[WhiteElo "2283"]
[BlackElo "2000"]
[EventDate "2007.10.12"]
[PlyCount "43"]

1.e4 c5 2.Nf3 d6 3.d4 cxd4 4.Nxd4 Nf6 5.Nc3 a6 6.Bg5 e6 7.f4 b5 8.e5 dxe5 
9.fxe5 Qc7 10.exf6 Qe5+ 11.Be2 Qxg5 12.O-O Qe5 13.Kh1 Ra7 14.Nf3 Qxf6 15.
Ne4 Qd8 16.Qe1 Be7 17.Qg3 Nc6 18.Qxg7 Rf8 19.Rad1 Qc7 20.Nfg5 Ne5 21.Bh5 
Bxg5 22.Qxg5 1-0

[Event "11th Essent op"]
[Site "Hoogeveen NED"]
[Date "2007.10.19"]
[Round "8.25"]
[White "Hamelink, Desiree"]
[Black "Otte, Marijn Willem"]
[Result "1/2-1/2"]
[WhiteElo "2202"]
[BlackElo "2155"]
[EventDate "2007.10.12"]
[PlyCount "53"]

1.e4 c5 2.Nc3 e6 3.Nf3 a6 4.d4 cxd4 5.Nxd4 d6 6.Be3 Nf6 7.a4 b6 8.Bd3 Bb7 
9.O-O Nbd7 10.Qe2 Be7 11.Kh1 O-O 12.f4 Nc5 13.Bg1 Re8 14.Nf3 Nxd3 15.cxd3 
Nd7 16.d4 Nf6 17.Nd2 Rc8 18.Qd3 d5 19.e5 Ne4 20.f5 exf5 21.Rxf5 Bb4 22.
Ncxe4 dxe4 23.Qb3 Bxd2 24.Qxf7+ Kh8 25.Qxb7 e3 26.Qe4 Rc4 27.Bxe3 1/2-1/2

[Event "11th Essent op"]
[Site "Hoogeveen NED"]
[Date "2007.10.19"]
[Round "8.26"]
[White "Vuilleumier, Alexandre"]
[Black "Borg, Andrew"]
[Result "1/2-1/2"]
[WhiteElo "2315"]
[BlackElo "2116"]
[EventDate "2007.10.12"]
[PlyCount "202"]

1.e4 c6 2.d4 d5 3.Nc3 dxe4 4.Nxe4 Bf5 5.Ng3 Bg6 6.h4 h6 7.Nf3 Nf6 8.h5 Bh7
9.Bd3 Bxd3 10.Qxd3 e6 11.Bf4 Bd6 12.Ne5 Qc7 13.Ne4 Nxe4 14.Qxe4 Nd7 15.
O-O-O O-O-O 16.Kb1 Nxe5 17.dxe5 Bc5 18.f3 Rxd1+ 19.Rxd1 Rd8 20.Rd3 Rxd3 
21.Qxd3 Qd8 22.Qe2 Qd4 23.Bc1 Qf2 24.Qxf2 Bxf2 25.g4 Kd7 26.c4 Ke7 27.Kc2 
Bg3 28.f4 f6 29.exf6+ Kxf6 30.Be3 e5 31.g5+ Kf5 32.gxh6 gxh6 33.fxe5 Bxe5 
34.Bxh6 Kg4 35.Be3 Kxh5 36.Bxa7 Kg6 37.b3 Kf7 38.Kd3 Ke6 39.Bd4 Bh2 40.Ke4
Kd7 41.Be5 Bg1 42.Bd4 Bh2 43.Be3 Bd6 44.Bb6 Bb4 45.Kd4 Be1 46.Ke5 Bg3+ 47.
Ke4 Bd6 48.Kd4 Bh2 49.Kc3 Bg3 50.Kb4 Be1+ 51.Ka4 Bd2 52.Ba5 Be3 53.Bc3 b6 
54.Be5 Kc8 55.Bd6 Kb7 56.Kb4 Bd2+ 57.Ka3 Bc1+ 58.Ka4 Bd2 59.Bb4 Bc1 60.Ba3
Bd2 61.Bb4 Bc1 62.Bc3 Be3 63.Be1 Bf4 64.Kb4 Be3 65.Kc3 Bg1 66.Kd3 Bc5 67.
Bc3 Bf2 68.Bd4 Be1 69.Ke4 Bb4 70.Ke5 Be1 71.Kd6 Bg3+ 72.Kd7 Be1 73.a4 Bb4 
74.Be3 c5 75.Kd6 Ba3 76.Bd2 Bb2 77.Kd5 Ba3 78.Bc3 Bc1 79.Be1 Be3 80.Bh4 
Bg1 81.Be7 Bf2 82.Bf8 Be3 83.Bd6 Bf2 84.Bf8 Be3 85.a5 Bf2 86.Be7 Be3 87.
Ke4 Bf2 88.Bg5 Be1 89.axb6 Kxb6 90.Kd5 Bf2 91.Bd2 Bg1 92.Bg5 Bf2 93.Bd8+ 
Kb7 94.Ba5 Ka6 95.Be1 Bxe1 96.Kxc5 Ka5 97.Kd6 Kb4 98.c5 Kxb3 99.c6 Bg3+ 
100.Kd7 Kb4 101.c7 Bxc7 1/2-1/2

[Event "11th Essent op"]
[Site "Hoogeveen NED"]
[Date "2007.10.19"]
[Round "8.27"]
[White "Humphrey, Jonathan"]
[Black "Klein, David"]
[Result "1-0"]
[WhiteElo "2284"]
[BlackElo "2086"]
[EventDate "2007.10.12"]
[PlyCount "75"]

1.e4 c5 2.Nf3 d6 3.d4 cxd4 4.Nxd4 Nf6 5.Nc3 a6 6.Bg5 e6 7.f4 Qc7 8.Bxf6 
gxf6 9.Qd2 Nc6 10.O-O-O Bd7 11.Kb1 O-O-O 12.Bc4 Be7 13.Nxc6 Qxc6 14.Bb3 
Rdg8 15.Rhe1 h5 16.Re3 Kd8 17.Ne2 Rg4 18.f5 Qc5 19.fxe6 fxe6 20.Nd4 Qe5 
21.Nf3 Qb5 22.e5 fxe5 23.a4 Qb4 24.Rc3 Qf4 25.Qf2 Ke8 26.Qa7 Kf7 27.Qxb7 
Bxa4 28.Bxa4 Qxa4 29.Rc7 Re8 30.Rxd6 Rb4 31.Rb6 Rxb6 32.Qxb6 Qf4 33.Rc4 
Qf5 34.Qc7 e4 35.Rxe4 Rc8 36.Ng5+ Kf6 37.Qxc8 Kxg5 38.Qxe6 1-0

[Event "11th Essent op"]
[Site "Hoogeveen NED"]
[Date "2007.10.19"]
[Round "8.28"]
[White "Fehr, Axel"]
[Black "Van Kampen, Robin"]
[Result "1/2-1/2"]
[WhiteElo "2150"]
[BlackElo "2475"]
[EventDate "2007.10.12"]
[PlyCount "133"]

1.c4 e5 2.g3 Nf6 3.Bg2 d5 4.cxd5 Nxd5 5.Nc3 Nb6 6.Nf3 Nc6 7.O-O Be7 8.d3 
O-O 9.a3 Be6 10.b4 a5 11.b5 Nd4 12.Nd2 c6 13.bxc6 Nxc6 14.Rb1 Rb8 15.Re1 
Nd5 16.Nxd5 Bxd5 17.Bxd5 Qxd5 18.Bb2 b5 19.a4 Bb4 20.axb5 Rxb5 21.Ba1 Rfb8
22.Rf1 Bxd2 23.Rxb5 Rxb5 24.Qxd2 h6 25.h4 a4 26.Rc1 a3 27.e4 Qd7 28.Qa2 
Qxd3 29.Bc3 Qxe4 30.Qxa3 Kh7 31.Qa2 Rd5 32.Re1 Qf3 33.Qc2+ g6 34.Bb2 Nb4 
35.Qe4 Qxe4 36.Rxe4 Nd3 37.Bc3 Rc5 38.Bd2 Rc2 39.Be3 Ra2 40.Rc4 Ra1+ 41.
Kh2 Rd1 42.g4 Rb1 43.Kg2 Kg7 44.g5 h5 45.Ra4 Ne1+ 46.Kg3 Nc2 47.Bc5 Rb3+ 
48.Kh2 Rf3 49.Rc4 Nd4 50.Bxd4 exd4 51.Rxd4 Rxf2+ 52.Kg3 Re2 53.Ra4 Kf8 54.
Ra8+ Re8 55.Ra7 Rd8 56.Rb7 Rd3+ 57.Kg2 Ke8 58.Ra7 Rd7 59.Ra4 Ke7 60.Re4+ 
Kd6 61.Rf4 Ke5 62.Rf3 Rd4 63.Kg3 Rg4+ 64.Kh3 Rb4 65.Ra3 Rd4 66.Rf3 Rb4 67.
Ra3 1/2-1/2

[Event "11th Essent op"]
[Site "Hoogeveen NED"]
[Date "2007.10.19"]
[Round "8.29"]
[White "Van den Berg, Ad"]
[Black "Van Opheusden, Bas"]
[Result "1/2-1/2"]
[WhiteElo "2248"]
[BlackElo "2149"]
[EventDate "2007.10.12"]
[PlyCount "110"]

1.e4 c5 2.Nc3 Nc6 3.Nge2 d6 4.d4 cxd4 5.Nxd4 Nf6 6.Bg5 e6 7.Qd2 a6 8.O-O-O
h6 9.Be3 Ng4 10.Nxc6 bxc6 11.Bc5 Bd7 12.h3 dxc5 13.hxg4 e5 14.Bc4 Be7 15.
Bxf7+ Kxf7 16.Qxd7 Qxd7 17.Rxd7 Ke6 18.Rhd1 Rad8 19.Rxd8 Rxd8 20.Rxd8 Bxd8
21.Kd1 Kd6 22.Ke2 c4 23.b4 cxb3 24.axb3 Kc5 25.Kd3 Kb4 26.g3 g5 27.Nb1 Bb6
28.f3 Bf2 29.Nd2 Bxg3 30.c3+ Kc5 31.Nc4 Bf4 32.Kc2 Bg3 33.Nb2 Bf4 34.Nd3+ 
Kb5 35.c4+ Kb6 36.Kc3 a5 37.Kc2 Bh2 38.Kd2 Bf4+ 39.Ke2 Bg3 40.Kd2 Bf4+ 41.
Kc3 Bh2 42.Nb2 Bg1 43.Nd3 Bh2 44.b4 axb4+ 45.Kxb4 Bf4 46.Kc3 Bg3 47.Kd2 
Bf4+ 48.Kd1 Bg3 49.Ke2 Bf4 50.Nb2 Kc5 51.Kd3 Kb4 52.Nd1 Kb3 53.Nc3 Kb4 54.
Nd1 Kb3 55.Nc3 Kb4 1/2-1/2

[Event "11th Essent op"]
[Site "Hoogeveen NED"]
[Date "2007.10.19"]
[Round "8.30"]
[White "Meurs, Tom WA"]
[Black "Ahlers, Ben"]
[Result "1-0"]
[WhiteElo "2051"]
[BlackElo "2190"]
[EventDate "2007.10.12"]
[PlyCount "75"]

1.e4 c5 2.Nf3 d6 3.d4 cxd4 4.Nxd4 Nf6 5.Nc3 g6 6.Be3 Bg7 7.f3 O-O 8.Qd2 
Nc6 9.O-O-O d5 10.Kb1 Nxd4 11.e5 Nxf3 12.gxf3 Nh5 13.Qf2 e6 14.f4 f6 15.
Be2 Nxf4 16.Qxf4 fxe5 17.Qg3 Qa5 18.h4 Bd7 19.h5 Rac8 20.Bd2 Be8 21.Rdg1 
e4 22.hxg6 hxg6 23.Qh3 Rf5 24.Qh7+ Kf8 25.Bh6 Bxh6 26.Rxh6 Qc5 27.Rhxg6 
Bxg6 28.Rxg6 Rf7 29.Qh6+ Ke7 30.Rxe6+ Kd7 31.a3 Rcf8 32.Nb5 Rf1+ 33.Ka2 
R1f2 34.Rd6+ Kc8 35.Qe6+ Kb8 36.Rxd5 Qc8 37.Qe5+ Ka8 38.Rc5 1-0

[Event "11th Essent op"]
[Site "Hoogeveen NED"]
[Date "2007.10.19"]
[Round "8.31"]
[White "Galje, Hans"]
[Black "Vroombout, Enrico"]
[Result "0-1"]
[WhiteElo "2143"]
[BlackElo "2141"]
[EventDate "2007.10.12"]
[PlyCount "132"]

1.d4 Nf6 2.c4 g6 3.Nc3 Bg7 4.e4 d6 5.f3 O-O 6.Bg5 Qe8 7.Qd2 e5 8.Nge2 c6 
9.d5 c5 10.Ng3 a6 11.Bd3 Nbd7 12.O-O h5 13.Qc2 Nh7 14.Be3 h4 15.Nh1 Qe7 
16.a3 Bf6 17.g3 Kg7 18.Rae1 Ng5 19.f4 Nh3+ 20.Kg2 hxg3 21.hxg3 Rh8 22.Nf2 
Nxf2 23.Bxf2 b6 24.Rh1 Bb7 25.Be2 Rxh1 26.Rxh1 Rh8 27.Bg4 Rxh1 28.Kxh1 Bc8
29.Kg2 Qd8 30.Qb3 exf4 31.gxf4 g5 32.Ne2 Qe8 33.Bf5 Nf8 34.Bxc8 Qxc8 35.
Qg3 Ng6 36.b3 Qe8 37.e5 dxe5 38.fxg5 Be7 39.Be3 Qh8 40.Nc3 Qh5 41.Qh3 Nh4+
42.Kf2 Bxg5 43.Qg3 Kh6 44.Ne4 Bxe3+ 45.Qxe3+ Kg7 46.Qh3 Qf5+ 47.Qxf5 Nxf5 
48.b4 cxb4 49.axb4 Ne7 50.Nc3 f5 51.c5 bxc5 52.bxc5 Kf7 53.Ke3 Ke8 54.Kd3 
Kd7 55.Kc4 Ng8 56.Ne2 Nf6 57.Ng3 f4 58.Nf5 f3 59.Ne3 f2 60.Nf1 a5 61.Kd3 
a4 62.Ke2 a3 63.Nd2 a2 64.Nb3 Ng4 65.Na1 e4 66.Nc2 f1=Q+ 0-1

[Event "11th Essent op"]
[Site "Hoogeveen NED"]
[Date "2007.10.19"]
[Round "8.32"]
[White "Christensen, Stefan"]
[Black "Fernandez, Daniel Howard"]
[Result "1/2-1/2"]
[WhiteElo "2304"]
[BlackElo "2102"]
[EventDate "2007.10.12"]
[PlyCount "164"]

1.d4 Nf6 2.c4 c5 3.Nf3 cxd4 4.Nxd4 Nc6 5.Nc3 e6 6.g3 Bc5 7.Nb3 Be7 8.Bg2 
d6 9.O-O a6 10.Nd4 Bd7 11.b3 Rc8 12.Bb2 Qc7 13.Rc1 Qb8 14.e4 h5 15.h3 Ne5 
16.f4 Ng6 17.f5 Nf8 18.Kh1 Rh6 19.Qe2 N8h7 20.Nf3 g5 21.e5 g4 22.exf6 gxf3
23.Qxf3 Bc6 24.Qe3 Rxf6 25.Bxc6+ bxc6 26.Ne4 e5 27.Nxf6+ Bxf6 28.Qh6 Ke7 
29.Qe3 Bg5 30.f6+ Bxf6 31.Qe4 Nf8 32.Qf5 Nd7 33.Rce1 Qb4 34.Qf3 Rg8 35.Kh2
h4 36.g4 Rg7 37.Bc1 Qa5 38.Re2 d5 39.Qf5 Kd8 40.g5 Be7 41.cxd5 cxd5 42.Rd1
Qb5 43.Rc2 d4 44.Rg1 Qd5 45.Rd1 Bd6 46.Kg1 Ke7 47.Re2 Qe6 48.Qf3 Bc5 49.
Kh1 Kd6 50.b4 Bb6 51.b5 Qd5 52.Qxd5+ Kxd5 53.bxa6 Rg8 54.Rf2 Nc5 55.Rxf7 
Nxa6 56.Rf6 Rb8 57.g6 Nc5 58.Ba3 Ne6 59.Rdf1 Bc5 60.Bxc5 Kxc5 61.Re1 Kd6 
62.g7 Rg8 63.Rf5 Rxg7 64.Rfxe5 Nc5 65.Rh5 d3 66.Rxh4 Kd5 67.Rg4 Rb7 68.Kg2
Rb2+ 69.Kf3 Rxa2 70.Ke3 Ra8 71.Rg5+ Kd6 72.Rc1 Re8+ 73.Kf3 Nb3 74.Rd1 d2 
75.Kf2 Rf8+ 76.Ke2 Kc6 77.Rg3 Re8+ 78.Kd3 Rd8+ 79.Ke2 Re8+ 80.Re3 Rb8 81.
Rxb3 Rxb3 82.Rxd2 Rxh3 1/2-1/2

[Event "11th Essent op"]
[Site "Hoogeveen NED"]
[Date "2007.10.19"]
[Round "8.33"]
[White "Van Weersel, Arlette"]
[Black "Schut, Donna"]
[Result "1-0"]
[WhiteElo "2174"]
[BlackElo "1999"]
[EventDate "2007.10.12"]
[PlyCount "113"]

1.Nf3 f5 2.d3 Nf6 3.e4 d6 4.exf5 Bxf5 5.d4 Nc6 6.c3 Qd7 7.d5 Nd8 8.Na3 e6 
9.Bb5 c6 10.dxc6 bxc6 11.Ba4 Be7 12.Nc2 O-O 13.Nfd4 Bg4 14.f3 e5 15.Nxc6 
Nxc6 16.fxg4 Kh8 17.Nb4 Nxg4 18.Bxc6 Bh4+ 19.g3 Qf5 20.Qe2 Rac8 21.Be4 Qh5
22.Bf3 Rxf3 23.Qxf3 e4 24.Qg2 Rf8 25.Rf1 Bf6 26.Qe2 Qc5 27.Nc2 Ne5 28.Be3 
Qa5 29.Nd4 Nd3+ 30.Kd1 Rb8 31.Bc1 Qa6 32.Nc2 Qc4 33.Ne3 Qa4+ 34.Qc2 Qb5 
35.b3 Bg5 36.c4 Qb6 37.c5 dxc5 38.Nc4 Qg6 39.Bxg5 Qxg5 40.Qe2 Rd8 41.Kc2 
Nb4+ 42.Kb1 e3 43.Kb2 h6 44.Rad1 Rc8 45.Rf3 Kh7 46.a3 Nc6 47.Rxe3 Qf6+ 48.
Kb1 Rb8 49.Rd6 Qf5+ 50.Qc2 Nd4 51.Rxd4 Qxc2+ 52.Kxc2 cxd4 53.Rd3 Rd8 54.
Rf3 Kg6 55.Kd3 Kh5 56.Ne5 g5 57.Rf6 1-0

[Event "11th Essent op"]
[Site "Hoogeveen NED"]
[Date "2007.10.19"]
[Round "8.34"]
[White "Hoffman, Ron"]
[Black "Middelveld, Martine"]
[Result "1/2-1/2"]
[WhiteElo "2158"]
[BlackElo "2009"]
[EventDate "2007.10.12"]
[PlyCount "37"]

1.Nf3 d5 2.d4 e6 3.e3 c5 4.Bd3 Nf6 5.b3 cxd4 6.exd4 Bd6 7.O-O O-O 8.Bb2 
Nc6 9.Nbd2 Qc7 10.a3 e5 11.dxe5 Nxe5 12.Nxe5 Bxe5 13.Bxe5 Qxe5 14.Re1 Qc7 
15.h3 Bd7 16.Nf3 Rfe8 17.Qd2 h6 18.Rad1 Rad8 19.Rxe8+ 1/2-1/2

[Event "11th Essent op"]
[Site "Hoogeveen NED"]
[Date "2007.10.19"]
[Round "8.35"]
[White "Hendriks, Richard V"]
[Black "Rooda, Kai P"]
[Result "1-0"]
[WhiteElo "2125"]
[BlackElo "2146"]
[EventDate "2007.10.12"]
[PlyCount "59"]

1.d4 d5 2.c4 c6 3.cxd5 cxd5 4.Bf4 Nf6 5.Nc3 e6 6.e3 Nc6 7.Bd3 Bb4 8.Rc1 
O-O 9.Nf3 Ne4 10.O-O Bxc3 11.bxc3 f5 12.Ne5 Bd7 13.c4 Nxe5 14.Bxe5 Rc8 15.
c5 Bc6 16.f4 Nf6 17.Rf3 Rf7 18.Rg3 Ng4 19.Rxg4 fxg4 20.Qxg4 Qe8 21.Qh4 h6 
22.Bg6 Qe7 23.Qh3 Be8 24.g4 Rc6 25.Bb1 Rf8 26.Kh1 Qf7 27.Rg1 g6 28.Qxh6 
Qh7 29.Qg5 Bd7 30.Bxg6 1-0

[Event "11th Essent op"]
[Site "Hoogeveen NED"]
[Date "2007.10.19"]
[Round "8.36"]
[White "Friesen, Boris"]
[Black "Van der Leest, Bert"]
[Result "1-0"]
[WhiteElo "2152"]
[BlackElo "2199"]
[EventDate "2007.10.12"]
[PlyCount "161"]

1.e4 c5 2.c3 d6 3.d4 Nf6 4.dxc5 Nc6 5.f3 d5 6.exd5 Qxd5 7.Qxd5 Nxd5 8.Bc4 
e6 9.Bxd5 exd5 10.Be3 Ne5 11.b3 Nd3+ 12.Kd2 Nxc5 13.Na3 Bd7 14.Nc2 a5 15.
Ne2 Ne6 16.Ned4 Bd6 17.Nf5 Be5 18.Rae1 g6 19.Nfd4 O-O 20.Bh6 Nxd4 21.Rxe5 
Nc6 22.Rxd5 Be6 23.Bxf8 Bxd5 24.Bc5 a4 25.c4 Be6 26.Kc3 axb3 27.axb3 f6 
28.Rd1 Kf7 29.Rd3 h5 30.Ne3 Ra5 31.Bb6 Ra6 32.Bc7 Ra1 33.Rd1 Ra2 34.Rd2 
Ra1 35.Bg3 g5 36.h4 Rh1 37.Rd1 Rxd1 38.Nxd1 Ne7 39.hxg5 fxg5 40.b4 Nf5 41.
Bf2 g4 42.fxg4 hxg4 43.Kd3 Nd6 44.Ne3 Kf6 45.Bh4+ Kf7 46.Bf2 b5 47.c5 Nc4 
48.Nc2 Nb2+ 49.Ke4 Bc4 50.Ne3 Be2 51.c6 Ke6 52.Bg3 Nc4 53.Nc2 Bf1 54.Ne1 
Nb2 55.Kd4 Na4 56.c7 Kd7 57.Bf4 Nb6 58.g3 Na8 59.Kc5 Nxc7 60.Bxc7 Kxc7 61.
Nc2 Kb8 62.Ne3 Be2 63.Nd5 Bf1 64.Nc3 Kc7 65.Nxb5+ Kd7 66.Nd4 Ke7 67.Kd5 
Kf6 68.Ke4 Ba6 69.b5 Bc8 70.b6 Ke7 71.Kf4 Kd6 72.Nf5+ Kc5 73.Kxg4 Kxb6 74.
Kg5 Kc5 75.Kf6 Kd5 76.g4 Ke4 77.Nd6+ Kf4 78.g5 Be6 79.g6 Bg8 80.Nf7 Kg4 
81.Nh6+ 1-0

[Event "11th Essent op"]
[Site "Hoogeveen NED"]
[Date "2007.10.19"]
[Round "8.37"]
[White "Van der Veen, Jan"]
[Black "Potze, Rudolf"]
[Result "1/2-1/2"]
[WhiteElo "2144"]
[BlackElo "2137"]
[EventDate "2007.10.12"]
[PlyCount "61"]

1.e4 c5 2.Nc3 e5 3.g3 Nc6 4.Bg2 d6 5.d3 Nf6 6.Nge2 Be7 7.O-O Nd4 8.f4 Bd7 
9.h3 b5 10.fxe5 dxe5 11.Bg5 O-O 12.Bxf6 Bxf6 13.Nd5 Bg5 14.c3 Ne6 15.h4 
Bh6 16.Qe1 Nc7 17.Nxc7 Qxc7 18.Kh2 Bg4 19.Bf3 Qd7 20.Bxg4 Qxg4 21.Ng1 Rad8
22.Nf3 Qe6 23.Qe2 c4 24.dxc4 bxc4 25.Rad1 f6 26.Rxd8 Rxd8 27.Rd1 Rxd1 28.
Qxd1 Qb6 29.Qe2 Kf8 30.Qxc4 Qf2+ 31.Kh3 1/2-1/2

[Event "11th Essent op"]
[Site "Hoogeveen NED"]
[Date "2007.10.20"]
[Round "9.1"]
[White "l`Ami, Erwin"]
[Black "Safarli, Eltaj"]
[Result "0-1"]
[WhiteElo "2577"]
[BlackElo "2488"]
[EventDate "2007.10.12"]
[PlyCount "62"]

1.d4 Nf6 2.c4 g6 3.Nc3 d5 4.Nf3 Bg7 5.Bg5 Ne4 6.cxd5 Nxg5 7.Nxg5 e6 8.Qd2 
h6 9.Nh3 exd5 10.Nf4 O-O 11.g3 Nc6 12.e3 Ne7 13.Bg2 c6 14.O-O Nf5 15.b4 
Nd6 16.b5 Nc4 17.Qd3 Nd6 18.bxc6 bxc6 19.Rfc1 a5 20.Qd1 h5 21.Na4 Nc4 22.
Nd3 Rb8 23.Rab1 Rxb1 24.Rxb1 Qe7 25.Nab2 Bf5 26.Rc1 Nxe3 27.fxe3 Qxe3+ 28.
Kh1 Bxd4 29.Rxc6 a4 30.Nxa4 Bxd3 31.Qc1 Bb5 0-1

[Event "11th Essent op"]
[Site "Hoogeveen NED"]
[Date "2007.10.20"]
[Round "9.2"]
[White "Gofshtein, Leonid D"]
[Black "Postny, Evgeny"]
[Result "1/2-1/2"]
[WhiteElo "2541"]
[BlackElo "2598"]
[EventDate "2007.10.12"]
[PlyCount "58"]

1.d4 d5 2.c4 c6 3.Nf3 Nf6 4.Nc3 dxc4 5.a4 e6 6.e4 Bb4 7.Qc2 c5 8.dxc5 Qa5 
9.Bxc4 Qxc5 10.Qe2 O-O 11.e5 Nd5 12.O-O Nc6 13.Bd3 Re8 14.Ng5 h6 15.Qe4 f5
16.exf6 Nxf6 17.Qh4 hxg5 18.Bxg5 Bxc3 19.bxc3 Ne5 20.Bxf6 Nxd3 21.Bxg7 
Kxg7 22.Qg3+ Kf7 23.Qxd3 Qf5 24.Qd6 e5 25.Rab1 Qe6 26.Qd3 Qg6 27.Qd5+ Qe6 
28.Qd3 Qg6 29.Qd5+ Qe6 1/2-1/2